00488nam a2200193 a 4500001001300000003000900013005001700022008004100039020000800080082001500088100001700103245003400120260003000154300000800184500003500192505002400227650002600251700001700277nice12345678IN_TiNIC20260116012506.0050524s1981 dela grp 000 0 eng  ac800a297.4bJAL aJalbani, G N aEnglish Translation of Sataat aDelhibKitab Bhavanc1981 a53p aincludes index and biblioraphy2 aBibliography, Index aSufism-Shah Waliullah1 aJalbani, G N